00435nam a22001457a 450000500170000000800410001704100130005808200140007110000260008524500530011125000190016426000470018330000340023065000250026420231109120808.0231109b |||||||| |||| 00| 0 eng d aEnglish  a346.2 DEV aKnight, DB lEnglish  aThe Law of Agency in South Africa / cDB Knight  aSecond Edition aCape Town : bJuta and Company Ltd, c1956 bxxviii, 383 pages ; c26 cm.  aLegal practice bLaw